000 00607nam a22001817a 4500
999 _c175326
_d175326
005 20200824155222.0
010 _aENG-128377
020 _c525.00
_a9789353948115
035 _aEN-111909
037 _bDBAD/PUB
082 _a342.54
100 _aSubramanian,S.G
245 _aIndian Constitution Indian Polity/
_cby S.G.Subramanian
260 _aNoida
_bPearson
_c2020
270 _a15th floor,Tower-B,Word Trade Tower,Plot no.1,Block-C sec 16,
_bNoida
_e201301
_k04466540100
_mcompanysecretary.india@pearson.com
300 _avarious pages.
_c25cm(pbk)
942 _2ddc
_cEN
_h342.54
_mSUB